فقه الحافظ أحمد بن الصديق الغماري المتوفى سنة 1380ه/1960م : دراسة مقارنة = Fiqh of al-Hafez, Ahmaed Ibn El-Siddeeq Al-Ghomari died in 1380 A.D) :a comparative study /
Saved in:
| 主要作者: | |
|---|---|
| 其他作者: | |
| 格式: | Thesis |
| 语言: | Arabic |
| 出版: |
[al-Qahirah] :
Jami'at Al al-Bayt,
1999
|
| 主题: | |
| 标签: |
添加标签
没有标签, 成为第一个标记此记录!
|
| LEADER | 020890000a22003250004500 | ||
|---|---|---|---|
| 008 | 130205s1999 jo f m 000 0 ara d | ||
| 040 | |a UIAM |b eng | ||
| 041 | |a ara | ||
| 050 | 0 | |a BP184 | |
| 100 | 1 | |a كتاني، محمد الحسن بن محمد علي الشريف | |
| 242 | 1 | 0 | |a Fiqh al-Hafiz Ahmad ibn al-Siddiq al-Ghumari al-mutawaffa sanat 1380H/1960M : |b dirasah muqaranah |
| 245 | 1 | 0 | |a فقه الحافظ أحمد بن الصديق الغماري المتوفى سنة 1380ه/1960م : |b دراسة مقارنة = Fiqh of al-Hafez, Ahmaed Ibn El-Siddeeq Al-Ghomari died in 1380 A.D) :a comparative study / |c محمد الحسن بن محمد علي الشريف الكتاني |
| 260 | |a [al-Qahirah] : |b Jami'at Al al-Bayt, |c 1999 | ||
| 300 | |a 675 leaves ; |c 30 cm. | ||
| 500 | |a "قدمت هذه الرسالة إستكمالا لمتطالبات الحصول على درجة الماجستير في الفقة وأصولة في كلية الدراسات الفقهية والقانونية في جامعة آل البيت" --On t.p. | ||
| 500 | |a Abstract in English and Arabic. | ||
| 502 | |a Thesis (M.A.)--Jami'at Al al-Bayt, 1999. | ||
| 504 | |a Includes bibliographical references (leaves 189 - 201). | ||
| 596 | |a 1 4 | ||
| 600 | 1 | 0 | |a Ghumari, Ahmad ibn al-Siddiq, |d d. 1960 |
| 650 | 0 | |a Islam |x Customs and practices | |
| 650 | 0 | |a Islamic law |x Criticism, interpretation, etc. | |
| 655 | |a Theses, Facsimile edition (Islamic) | ||
| 700 | 1 | |a Kattani, Muhammad al-Hassan ibn Muhammad 'Ali al-Sharif | |
| 710 | 2 | |a Jami'at Al al-Bayt. |b Kulliyat al-Dirasat al-Fiqhiyah wa al-Qanuniyah | |
| 710 | 2 | |a جامعة آل البيت. |b كلية الدراسات الفقهية والقانونية | |
| 900 | |a arf-lfr-sar | ||
| 999 | |c 432717 |d 466177 | ||
| 952 | |0 0 |6 TI BP 000184 K19F 1999 |7 0 |8 THESES |9 754461 |a IIUM |b IIUM |c MULTIMEDIA |g 300.00 |o ti BP 184 K19F 1999 |p 00011203222 |r 2017-10-23 |t 1 |v 300.00 |y THESIS | ||
| 952 | |0 0 |6 TI BP 000184 K19F 1999 |7 0 |8 THESES |9 756520 |a IIiBFL |b IIiBFL |c CLOSEACCES |g 300.00 |o ti BP 184 K19F 1999 |p 00011203221 |r 2017-11-01 |t 1 |v 300.00 |y THESIS | ||
